000 00772cam a2200277 4500
008 090401t1995 xxu||||| |||| 00| 0 eng d
020 _a1860810268
035 _a(Sirsi) u58981
041 _aeng
050 _a729.28
100 _aBell, James
245 _aDesigning buildings for daylight.
260 _aWatford
_bConstruction Research Communications Ltd
_c1995
300 _a95p. : ill. ; 30cm.
350 _a0.25
490 _aBRE Building Renewal
_v288
650 _aBUILT ENVIRONMENT-CONSTRUCTION DESIGN
650 _aENERGY EFFICIENCY
650 _aLIGHTING
650 _aWINDOWS
690 _aBUILT ENVIRONMENT-CONSTRUCTION DESIGN
700 _aBurt, William
710 _aBuilding Research Establishment
942 _n0
948 _c04/03/1997
999 _c94121
_d94121